|
|
|
|
| LEADER |
00000nam a22000007a 4500 |
| 005 |
2015120308398.0 |
| 007 |
cr|||| ||u| |
| 008 |
151203s2009 mx ||||| |||| 00||0 spa d |
| 020 |
|
|
|a 978-607-16-0027-1
|
| 035 |
|
|
|a 12950
|
| 040 |
|
|
|a vLex
|
| 090 |
|
|
|c 5717
|d 5717
|
| 100 |
1 |
|
|a ℓlvarez del Ro̕, Asuncin̤
|
| 245 |
1 |
3 |
|a El desafo̕ de la bioťica
|h [Recurso electrn̤ico] /
|c Asuncin̤ ℓlvarez del Ro̕
|
| 256 |
|
|
|a Servicio en ln̕ea
|
| 260 |
|
|
|a Mx̌ico
|b Fondo de Cultura Econm̤ica
|c 2009
|
| 300 |
|
|
|a 1 recurso electrn̤ico (Volumen II. 219 Pg̀inas)
|
| 506 |
1 |
|
|a Contenido solo disponible en los productos indicados
|d vLex Global
|d vLex Global (Academic Edition, excluding Law Schools)
|d vLex Global (U.S. Academic Edition, Law Schools)
|d vLex Global (U.S. Academic Edition, excluding Law Schools)
|d vLex Global (Academic Edition, Law Schools)
|
| 650 |
0 |
4 |
|a Bioťica
|z Mx̌ico
|
| 710 |
1 |
|
|a Rivero Weber, Paulina
|
| 740 |
0 |
|
|a vLex libros (servicio en ln̕ea)
|
| 856 |
4 |
0 |
|u http://vlex.com/source/desafio-bioetica-12950
|
| 942 |
|
|
|c BOOK
|
| 999 |
0 |
|
|a Bioethics
|